Quantitative aptitude for CAT (Record no. 116179)

MARC details
000 -LEADER
fixed length control field 00485 a2200169 4500
005 - DATE AND TIME OF LATEST TRANSACTION
control field 20260422094131.0
008 - FIXED-LENGTH DATA ELEMENTS--GENERAL INFORMATION
fixed length control field 260422b |||||||| |||| 00| 0 eng d
020 ## - INTERNATIONAL STANDARD BOOK NUMBER
International Standard Book Number 9789357059299
080 ## - UNIVERSAL DECIMAL CLASSIFICATION NUMBER
Universal Decimal Classification number (079.1):159.98 CAT"2025" R
100 ## - MAIN ENTRY--PERSONAL NAME
Personal name Sinha,Nishit K.
245 ## - TITLE STATEMENT
Title Quantitative aptitude for CAT
250 ## - EDITION STATEMENT
Edition statement 6th
260 ## - PUBLICATION, DISTRIBUTION, ETC. (IMPRINT)
Name of publisher, distributor, etc Pearson.
Place of publication, distribution, etc India.
Date of publication, distribution, etc 2025.
500 ## - GENERAL NOTE
General note Useful for MBA ,SNAP,XAT,IIFT
653 ## - INDEX TERM--UNCONTROLLED
Uncontrolled term CAT - Quantitative aptitude | Competative exam guide
942 ## - ADDED ENTRY ELEMENTS (KOHA)
item type Under processing
Holdings
Lost status Source of classification or shelving scheme Not for loan Home library Current library Date acquired Cost, normal purchase price Total Checkouts Full call number Barcode Date last seen Cost, replacement price Price effective from Koha item type Public note
  Universal Decimal Classification Not For Loan University Library University Library 26/03/2026 740.00   (079.1):159.98 CAT"2025" R 00098254 26/03/2026 925.00 26/03/2026 Reference processing
University Library, CUSAT